Introducción a la estadística

Bibliographic Details
Main Authors: Wonnacott, Thomas H, Wonnacott, Ronald J
Format: Section = Libro
Language:Undetermined
Spanish
Published: México Limusa 1990
Subjects:
LEADER 00499nam a2200193Ia 4500
008 240829s9999 xx 000 0 und d
020 |a 968-18-0738-3 
040 |a BIBLIOTECA-RUSB/ 519.5 W865 
041 |a spa 
082 |a 519.5 W865 
100 1 |a Wonnacott, Thomas H  
100 1 |b  Wonnacott, Ronald J 
245 1 0 |a Introducción a la estadística 
260 |a México  |b Limusa  |c 1990 
300 |a 515 p. :il. 
650 7 |a MATEMATICAS ESTADISTICAS 
942 |c BK  |2 ddc 
991 |a TEXTO 
999 |c 1911